K súčasnému vývoju v postsocialistických krajinách Príloha Hospodárskych novín

Ekonomická situácia a finančná pozícia v krajinách bývalej východnej Európy v prvom polroku 1995. Platobná bilancia vo vybraných reformných postsocialistických krajinách. Základné ukazovatele postavenia reformných krajín v medzinárodnom hospodárskom prostredí.

Na minha lista:
Detalhes bibliográficos
Formato: Capítulo de Livro
Idioma:eslovaco
Assuntos:
Tags: Adicionar Tag
Sem tags, seja o primeiro a adicionar uma tag!

MARC

LEADER 00000naa a2200000 4500
001 r022580
005 20230801104539.6
041 0 |a slo 
044 |a SK 
245 1 0 |a K súčasnému vývoju v postsocialistických krajinách  |b Príloha Hospodárskych novín 
520 |a Ekonomická situácia a finančná pozícia v krajinách bývalej východnej Európy v prvom polroku 1995. Platobná bilancia vo vybraných reformných postsocialistických krajinách. Základné ukazovatele postavenia reformných krajín v medzinárodnom hospodárskom prostredí. 
610 2 0 |a SVE 
610 2 0 |a 1995 
610 2 0 |a situácia hospodárska 
610 2 0 |a reformy hospodárske 
610 2 0 |a svet 
610 2 0 |a bilancia platobná